Fr. Conceicao Rodrigues College of Engineering

Foundations of C++ and Object Oriented Prog (Record no. 25148)

MARC details
000 -LEADER
fixed length control field 00340nam a2200145Ia 4500
082 ## - DEWEY DECIMAL CLASSIFICATION NUMBER
Classification number 5.133
Item number SHA
100 ## - MAIN ENTRY--PERSONAL NAME
Personal name Shammas/Namir C
245 ## - TITLE STATEMENT
Title Foundations of C++ and Object Oriented Prog
260 ## - PUBLICATION, DISTRIBUTION, ETC.
Name of publisher, distributor, etc. Comdex Pub
Place of publication, distribution, etc. New Delhi
Date of publication, distribution, etc. 1996
300 ## - PHYSICAL DESCRIPTION
Extent 784
546 ## - LANGUAGE NOTE
Language note ENGLISH
654 ## - SUBJECT ADDED ENTRY--FACETED TOPICAL TERMS
Focus term Foundations of C++
942 ## - ADDED ENTRY ELEMENTS (KOHA)
Koha item type BOOK
Holdings
Withdrawn status Lost status Damaged status Not for loan Collection Home library Current library Shelving location Date acquired Total Checkouts Full call number Barcode Date last seen Price effective from Koha item type
        CRC Fr. Agnel's C.Rodrigues College of Engineering Fr. Agnel's C.Rodrigues College of Engineering   17/03/2023   5.133 SHA 9616 17/03/2023 17/03/2023 BOOK